Capitals of Non-Countries #3 - Statistics

General Stats
  • This quiz has been taken 128 times
    100 since last reset
  • The average score is 6 of 16
Answer Stats
Place Capital % Correct
New South Wales Sydney
94%
Madeira Funchal
51%
Aragon Zaragoza
51%
Liguria Genoa
49%
Saxony Dresden
48%
Transnistria Tiraspol
48%
Brittany Rennes
40%
East Java Surabaya
36%
Rio Grande do Sul Porto Alegre
33%
Silesian Voivodship Katowice
32%
Sindh Karachi
31%
Karnataka Bangalore
26%
Shaanxi Xi'an
25%
Northern Mariana Islands Capitol Hill
22%
Wallonia Namur
20%
Northern Cape Kimberley
10%
No matching quizzes found
Score Distribution
Percent of People with Each Score
Percentile by Number Answered
Your Score History
You have not taken this quiz since the last reset